Comedian By Album Quiz Stats

 Plays Quiz Updated Nov 17, 2016

Score 0/30 Timer 06:00
0 Plays Today
Album Comedian % Correct
You Might Be a Redneck If...Jeff Foxworthy
79.7%
Bigger & BlackerChris Rock
68.5%
A Wild and Crazy GuySteve Martin
57.8%
FM & AMGeorge Carlin
56%
The Right to Bare ArmsLarry the Cable Guy
54.8%
RetaliationDane Cook
53.1%
No RespectRodney Dangerfield
51.1%
They're All Gonna Laugh at You!Adam Sandler
45%
Live On The Sunset StripRichard Pryor
44.9%
You Can't Fix StupidRon White
40.6%
All I '$%*@*#' KnowEddie Murphy
40.5%
Here's Your SignBill Engvall
38.8%
I'm Telling You for the Last TimeJerry Seinfeld
38.6%
A Night at the MetRobin Williams
30.1%
Rules of EnragementLewis Black
29.5%
Album Comedian % Correct
Strategic Grill LocationsMitch Hedberg
24%
Hello Dummy!Don Rickles
20.2%
Louder Than HellSam Kinison
15.5%
I Have a PonySteven Wright
14%
Dress to KillEddie Izzard
13.3%
Doing My TimeJim Gaffigan
12.8%
Werewolves and LollipopsPatton Oswalt
12%
True Stories I Made UpDaniel Tosh
11.9%
Rant in E-MinorBill Hicks
11.6%
To Is a Preposition; Come Is a VerbLenny Bruce
10.7%
The Bathroom WallJimmy Fallon
9.1%
SuperheroStephen Lynch
8.6%
It's Not FunnyDavid Cross
8.4%
Skanks for the Memories...Dave Attell
8.2%
Live...Down South SomewhereSteve Harvey
5.8%

You're not logged in!

Compare scores with friends on all Sporcle quizzes.
OR
Log In

Sporcle TV

Today on Sporcle TV


Watch our educational content, quiz creation guides, and fun videos on Sporcle TV.

Show Comments

Extras

Top Quizzes Today


Score Distribution

Your Account Isn't Verified!

In order to create a playlist on Sporcle, you need to verify the email address you used during registration. Go to your Sporcle Settings to finish the process.

Report this User

Report this user for behavior that violates our Community Guidelines.

Details: